Los ríos profundos
Uloženo v:
| Hlavní autor: | |
|---|---|
| Médium: | Kniha |
| Jazyk: | španělština |
| Vydáno: |
Madrid
Alianza
1981
|
| Edice: | <El >Libro de Bolsillo
|
| Témata: | |
| Tagy: |
Přidat tag
Žádné tagy, Buďte první, kdo vytvoří štítek k tomuto záznamu!
|
MARC
| LEADER | 00000nam a2200000 a 4500 | ||
|---|---|---|---|
| 001 | UCT5052 | ||
| 003 | CL-VaPUC | ||
| 005 | 20241212120255.0 | ||
| 008 | 961129e19810000SP |||||||||||||||||spa|d | ||
| 999 | |c 254075 |d 254073 | ||
| 040 | |c Pontificia Universidad Católica de Valparaíso | ||
| 082 | 0 | 4 | |a Pe863 |b ARG |2 21 |
| 100 | |a Arguedas, José María |e author |9 313849 | ||
| 245 | 1 | 4 | |a Los ríos profundos |
| 260 | |a Madrid |b Alianza |c 1981 | ||
| 300 | |a 254 p | ||
| 490 | 0 | |a <El >Libro de Bolsillo | |
| 583 | |a last modification |c 19961129 00:00:00 |k Rodrigo Vera | ||
| 650 | 7 | |a Novelas Peruanas |2 CL-VaPUC |9 374291 | |
| 942 | |c BK |2 ddc | ||
| 945 | |d 19961129 00:00:00 |a rleighto | ||
| 952 | |0 0 |1 0 |4 0 |6 PE_863_000000000000000_ARG_1981 |7 0 |8 R |9 275452 |a BIBEDU |b BIBEDU |d 2019-11-19 |i 3254011 |o Pe863 ARG 1981 |p 3254011 |r 2023-01-13 |w 2019-11-19 |y BK_R |k LIT | ||
| 952 | |0 0 |1 0 |4 0 |6 PE_863_000000000000000_ARG_1981 |7 0 |8 R |9 275453 |a BIBEDU |b BIBEDU |c MCIRC |d 2019-11-19 |i 3293750 |l 9 |o Pe863 ARG 1981 |p 3293750 |r 2025-04-10 |s 2025-04-07 |w 2019-11-19 |y BK_R |k LIT | ||
| 952 | |0 0 |1 0 |4 0 |6 PE_863_000000000000000_ARG_1981 |7 0 |8 R |9 275454 |a BIBEDU |b BIBEDU |d 2019-11-19 |i 3293769 |o Pe863 ARG 1981 |p 3293769 |r 2019-11-19 |w 2019-11-19 |y BK_R |k LIT | ||